| 000 | 00653nam a22002297a 4500 | ||
|---|---|---|---|
| 999 |
_c533285 _d533285 |
||
| 003 | OSt | ||
| 005 | 20191219120456.0 | ||
| 008 | 121129t2000 xxu||||| |||| 00| 0 eng d | ||
| 020 | _a1901092240 | ||
| 020 | _a1901092275 | ||
| 020 | _a9781901092240 | ||
| 038 | _aMSOHAIL | ||
| 040 | _c0 | ||
| 082 | _a720.1 | ||
| 100 | 1 |
_aNorberg-Schulz, Christian _927122 |
|
| 245 |
_aPrinciples of modern architecture/ _c. |
||
| 260 |
_aLOndon: _bAndreas Papadakis Publisher; _c2000. |
||
| 300 |
_a136p. : _bill; _c30 cm. |
||
| 650 |
_aModern movement (Architecture) _927123 |
||
| 942 |
_2ddc _cBK |
||